Manual del constructor de máquinas /

Guardado en:
Autor Principal: Dubbel, Heinrich, 1873-
Otros Autores: Sáenz de Magarola, Carlos, (Traductor, tr.)
Formato: Libro
Idioma:Spanish
German
Publicado: Barcelona ; Buenos Aires : Labor, 1977.
Edición:5ª ed., nueva ed.
Materias:
Etiquetas: Agregar Etiqueta
Sin Etiquetas, Sea el primero en etiquetar este registro!
LEADER 01200nam a22002775a 4500
001 EIQ.libpla001762
008 061220s1977####ag#a##########001#0#spa#d
005 20061220190832.0
245 1 0 |a Manual del constructor de máquinas /  |c [por] H. Dubbel ; [traducida de la undecima edición alemana por Carlos Sáenz de Magarola]. 
250 |a 5ª ed., nueva ed. 
260 |a Barcelona ;  |a Buenos Aires :  |b Labor,  |c 1977. 
300 |a 2 v. :  |b il., tablas ;  |c 19 cm. 
500 |a Incluye índices. 
500 |a "Con unas 3000 figuras y numerosas tablas". 
500 |a Título original: Dubbel's taschenbuch für den maschinenbau. 
020 |a 8433563157 (Obra completa) 
100 1 |a Dubbel, Heinrich,  |d 1873- 
700 1 |a Sáenz de Magarola, Carlos,  |e tr.  |4 trl 
650 4 |a Ingeniería mecánica  |x Diseño de máquinas. 
650 4 |a Diseño de máquinas  |x Handbooks, manuales, etc. 
650 4 |a Mechanical engineering  |x Design of machines. 
650 4 |a Design of machines  |x Handbooks, manuals, etc. 
040 |a AR-BbSID  |b spa  |c AR-BbSID 
041 1 |a spa  |h ger 
859 |a AR-BbSID  |b BIB. PLAPIQUI  |h 621.8  |i D 1  |k R  |p 3639  |v Vol. 1  |3 Vol. 1 
859 |a AR-BbSID  |b BIB. PLAPIQUI  |h 621.8  |i D 1  |k R  |p 3640  |v Vol. 2  |3 Vol. 2